Komunikasi asas untuk pelajar
| Main Author: | |
|---|---|
| Format: | Book |
| Published: |
Selangor :
KARISMA Publications ,
2007
|
| Subjects: |
MARC
| LEADER | 00000cam a2200000 7i4500 | ||
|---|---|---|---|
| 001 | 0000015497 | ||
| 005 | 20160330.0 | ||
| 008 | 080327 | ||
| 020 | |a 9831953099 | ||
| 090 | 0 | 0 | |a 302.2 |b AHM |
| 100 | 0 | |a Ahmad Marzuki Ismail | |
| 245 | 1 | 0 | |a Komunikasi asas untuk pelajar |c Ahmad Marzuki Ismail |
| 260 | |a Selangor : |b KARISMA Publications , |c 2007 | ||
| 500 | |a Teenager ages 13-18 years old (blue) | ||
| 650 | 0 | |a Communication | |
| 999 | |a 0001018035 |b Book |c Teenagers |e Perbadanan Perpustakaan Awam Johor | ||
| 999 | |a 0001018036 |b Book |c Teenagers |e Perbadanan Perpustakaan Awam Johor | ||